Psicopatología: comprendiendo la conducta anormal

Saved in:
Bibliographic Details
Main Authors: Sue, David (Author), Sue, Derald Wing (Author), Sue, Stanley (Author)
Format: Book
Language:Spanish
Published: Cuernavaca Cengage Learning Editores 2010
Edition:9a. ed
Subjects:
Tags: Add Tag
No Tags, Be the first to tag this record!

MARC

LEADER 00000cam a2200000 a 4500
001 UCG9897
003 CL-VaPUC
008 120412e20100000MX |||||||||||||||||spa|d
020 |a 9786074812848 
082 0 4 |a 616.89  |b SUE  |2 21 
100 0 |a Sue, David  |e author  |9 561646 
700 0 |a Sue, Derald Wing  |e author  |9 561647 
700 0 |a Sue, Stanley  |e author  |9 561648 
245 1 0 |a Psicopatología: comprendiendo la conducta anormal 
250 |a 9a. ed 
300 |a 497 p 
942 |c BK 
945 |d 20120412 00:00:00  |a dcastane 
260 |a Cuernavaca  |b Cengage Learning Editores  |c 2010 
650 0 |a Psicopatología   |9 307473 
650 0 |a Psiquiatría  |9 308427 
650 0 |a Trastornos mentales  |9 307475 
650 0 |a Enfermedades mentales   |9 310204 
650 0 |a Trastornos del comportamiento  |9 311363 
650 0 |a Trastornos de la personalidad   |9 307698 
650 0 |a Esquizofrenia  |9 312163 
650 7 |a TRASTORNOS PSICOSOMATICOS  |2 CL-VaPUC  |9 335790 
650 7 |a PSICOTERAPIA  |2 CL-VaPUC  |9 561649 
583 |a last modification  |c 20120412 10:24:00  |k Rodrigo Vera 
999 |c 347423  |d 347421 
952 |0 0  |1 0  |4 0  |6 616_890000000000000_SUE_2010  |7 0  |8 A  |9 448737  |a BIBEDU  |b BIBEDU  |c ES_NOD  |d 2019-11-22  |i 4856287  |o 616.89 SUE 2010  |p 4856287  |r 2023-08-09  |w 2019-11-22  |y BK  |k PSI